Distance education systems.

Αποθηκεύτηκε σε:
Λεπτομέρειες βιβλιογραφικής εγγραφής
Κύριος συγγραφέας: Elliot, Sergio
Μορφή: Βιβλίο
Γλώσσα:English
Δημοσίευση: Rome : Food and agriculture organization of the United Nations, 1990
Σειρά:FAO economic and social development paper ; ; 67
Θέματα:
Ετικέτες: Προσθήκη ετικέτας
Δεν υπάρχουν, Καταχωρήστε ετικέτα πρώτοι!

MARC

LEADER 00000nam a2200000 i 4500
001 1/17106
008 980828s1990 eng d
020 |a 92-5-102448-0 
035 |l 10020436 
040 |a GR-MY-UA  |b gre  |e aacr 
041 0 |a eng 
082 0 |a 371.3 
100 1 |a Elliot, Sergio. 
245 1 0 |a Distance education systems. /  |c by Sergio Elliot 
260 |a Rome :   |b Food and agriculture organization of the United Nations,   |c 1990 
300 |a 73 p. 
490 1 |a FAO economic and social development paper  |v ; 67 
650 0 0 |a Distance education. 
650 0 0 |a Istrustrial Systems  |x Design. 
650 0 0 |a Learning. 
830 0 |a FAO economic and social development paper ;  |v ; 67 
852 |a INST  |b LESVOS  |e 19980828  |h 371.3 ELL  |p 005100013095  |q 005100013095  |t BK  |y 0 
901 |a BIBL-1998-3 
909 |a Λ  |b 058995 
922 |a 1ΕΛΗ  |b 199808  |c ΚΠΣ/ΤΠ  |d ΠΑΠΑΣΩΤΗΡΙΟΥ 
950 |a 107-1998-05-21